| 000 -LEADER |
| fixed length control field |
00545nam a22001457a 4500 |
| 082 ## - DEWEY DECIMAL CLASSIFICATION NUMBER |
| Classification number |
APPPA 2018-19\GOS |
| 100 ## - MAIN ENTRY--PERSONAL NAME |
| Personal name |
Goswami, Bhaskar |
| 9 (RLIN) |
5710 |
| 245 ## - TITLE STATEMENT |
| Title |
Taxpayer services : |
| Remainder of title |
New horizons for income tax payers |
| Statement of responsibility, etc |
by Bhaskar Goswami |
| 260 ## - PUBLICATION, DISTRIBUTION, ETC. (IMPRINT) |
| Place of publication, distribution, etc |
New Delhi |
| Name of publisher, distributor, etc |
Indian Institute of Public Administration |
| Date of publication, distribution, etc |
2019 |
| 300 ## - PHYSICAL DESCRIPTION |
| Extent |
106p. |
| 500 ## - GENERAL NOTE |
| General note |
APPPA Dissertation, 2018-19 (Guide : Prof Ashok Vishandass) |
| 650 ## - SUBJECT ADDED ENTRY--TOPICAL TERM |
| Topical term or geographic name as entry element |
Income tax -- Law and legislation -- India. |
| 9 (RLIN) |
6372 |
| 650 ## - SUBJECT ADDED ENTRY--TOPICAL TERM |
| Topical term or geographic name as entry element |
Taxation -- India |
| 9 (RLIN) |
6373 |
| 650 ## - SUBJECT ADDED ENTRY--TOPICAL TERM |
| Topical term or geographic name as entry element |
Income tax -- India. |
| 9 (RLIN) |
6374 |